LIBRARY & INFORMATION CENTRE, KCAET, TAVANUR

ONLINE PUBLIC ACCESS CATALOGUE (OPAC)

Elizabethan taste / (Record no. 8801)

MARC details
000 -LEADER
fixed length control field 00396cam a2200157ua 4500
041 ## - LANGUAGE CODE
Language code of text/sound track or separate title eng
082 ## - DEWEY DECIMAL CLASSIFICATION NUMBER
Classification number 828.09
Item number BUX/EL
100 ## - MAIN ENTRY--AUTHOR NAME
Personal name Buxton, John .
245 ## - TITLE STATEMENT
Title Elizabethan taste /
250 ## - EDITION STATEMENT
Edition statement 1 /
260 ## - PUBLICATION, DISTRIBUTION, ETC. (IMPRINT)
Place of publication Melbourne,London :
Name of publisher MacMillan and Company Limited ,
Year of publication 1963.
300 ## - PHYSICAL DESCRIPTION
Number of Pages 370 ; .
942 ## - ADDED ENTRY ELEMENTS (KOHA)
Koha item type Books
Holdings
Withdrawn status Lost status Damaged status Home library Current library Date acquired Cost, normal purchase price Full call number Accession Number Koha item type Public note
Withdrawn     KAUAET Sanskrit University 07/04/2012 35.00 828.09 6953 Books Transferred to Sanskrit University
free website counter